|
|
|
|
| LEADER |
03015nam a22004815i 4500 |
| 001 |
978-3-319-51807-7 |
| 003 |
DE-He213 |
| 005 |
20170214073329.0 |
| 007 |
cr nn 008mamaa |
| 008 |
170214s2017 gw | s |||| 0|eng d |
| 020 |
|
|
|a 9783319518077
|9 978-3-319-51807-7
|
| 024 |
7 |
|
|a 10.1007/978-3-319-51807-7
|2 doi
|
| 040 |
|
|
|d GrThAP
|
| 050 |
|
4 |
|a QD410-412.5
|
| 072 |
|
7 |
|a PNND
|2 bicssc
|
| 072 |
|
7 |
|a SCI013040
|2 bisacsh
|
| 082 |
0 |
4 |
|a 547.05
|2 23
|
| 100 |
1 |
|
|a Hadlington, Terrance John.
|e author.
|
| 245 |
1 |
0 |
|a On the Catalytic Efficacy of Low-Oxidation State Group 14 Complexes
|h [electronic resource] /
|c by Terrance John Hadlington.
|
| 264 |
|
1 |
|a Cham :
|b Springer International Publishing :
|b Imprint: Springer,
|c 2017.
|
| 300 |
|
|
|a XIX, 243 p. 170 illus., 59 illus. in color.
|b online resource.
|
| 336 |
|
|
|a text
|b txt
|2 rdacontent
|
| 337 |
|
|
|a computer
|b c
|2 rdamedia
|
| 338 |
|
|
|a online resource
|b cr
|2 rdacarrier
|
| 347 |
|
|
|a text file
|b PDF
|2 rda
|
| 490 |
1 |
|
|a Springer Theses, Recognizing Outstanding Ph.D. Research,
|x 2190-5053
|
| 505 |
0 |
|
|a General Introduction -- The Development of Extremely Bulky Amide Ligands and their Application to the Synthesis of Group 14 Element(II) Halides -- Synthesis and Reactivity of Heavier Alkyne Analogues Stabilised by Extremely Bulky Amide Ligands -- Reactivity of Low-Coordinate Group 14 Element(II) Hydride Complexes -- Stoichiometric Reactivity and Catalytic Applications of Heavier Tetrelene Derivatives -- The Use of a Bulky Boryl-Substituted Amide Ligand in Low-Oxidation State Group 14 Element Chemistry.
|
| 520 |
|
|
|a This outstanding thesis describes a detailed investigation into the use of low-oxidation-state group 14 complexes in catalysis, developed at the cutting edge of inorganic and organometallic chemistry. It includes the preparation of a number of landmark compounds, some of which challenge our current understanding of metal–metal bonding and low-oxidation-state main group chemistry. Among the many highlights of this thesis, the standout result is the development of the first well-defined, low- oxidation-state main group hydride systems as highly efficient catalysts in the hydroboration of carbonyl substrates, including carbon dioxide, which are as efficient as those observed in more traditional, transition-metal catalyses. These results essentially define a new subdiscipline of chemistry.
|
| 650 |
|
0 |
|a Chemistry.
|
| 650 |
|
0 |
|a Inorganic chemistry.
|
| 650 |
|
0 |
|a Organometallic chemistry.
|
| 650 |
|
0 |
|a Catalysis.
|
| 650 |
1 |
4 |
|a Chemistry.
|
| 650 |
2 |
4 |
|a Organometallic Chemistry.
|
| 650 |
2 |
4 |
|a Catalysis.
|
| 650 |
2 |
4 |
|a Inorganic Chemistry.
|
| 710 |
2 |
|
|a SpringerLink (Online service)
|
| 773 |
0 |
|
|t Springer eBooks
|
| 776 |
0 |
8 |
|i Printed edition:
|z 9783319518060
|
| 830 |
|
0 |
|a Springer Theses, Recognizing Outstanding Ph.D. Research,
|x 2190-5053
|
| 856 |
4 |
0 |
|u http://dx.doi.org/10.1007/978-3-319-51807-7
|z Full Text via HEAL-Link
|
| 912 |
|
|
|a ZDB-2-CMS
|
| 950 |
|
|
|a Chemistry and Materials Science (Springer-11644)
|